[Event "Chigorin Memorial 19th"]
[Site "St Petersburg"]
[Date "2011.10.20"]
[Round "7"]
[White "Kuznetsov, Nikolay P"]
[Black "Klepikov, Nikita"]
[Result "1-0"]
[WhiteElo "2293"]
[BlackElo "1992"]
[PlyCount "91"]
[EventDate "2011.10.14"]
[EventType "swiss"]
[EventRounds "9"]
[EventCountry "RUS"]
[SourceTitle "CBM 144 Extra"]
[Source "ChessBase"]
[SourceDate "2011.10.28"]
[SourceVersion "1"]
[SourceVersionDate "2011.10.28"]
[SourceQuality "1"]

1. e4 c5 2. Nf3 d6 3. Bb5+ Nc6 4. 0-0 Nf6 5. Re1 Bd7 6. c3 a6 7. Ba4 b5 8. Bc2 e5 9. h3 Rc8 10. a4 Be7 11. Na3 Qa5 12. Qe2 Rb8 13. d3 0-0 14. Bg5 Qc7 15. axb5 axb5 16. d4 b4 17. dxe5 Nxe5 18. Nc4 Bb5 19. Nfd2 Rfe8 20. f4 Nxc4 21. Nxc4 Nd7 22. Bxe7 Rxe7 23. Qd3 Nf6 24. b3 Rbe8 25. Qxd6 Bxc4 26. Qxc7 Rxc7 27. bxc4 bxc3 28. e5 Nh5 29. f5 h6 30. Re3 Rce7 31. Rae1 Nf6 32. Ba4 Ra8 33. Bc6 Rb8 34. Rxc3 Nd7 35. e6 fxe6 36. fxe6 Nf8 37. Bd5 Rb6 38. Rce3 g6 39. Kf2 Kg7 40. Kg3 Kg8 41. Rf1 Kg7 42. Rf7+ Rxf7 43. exf7 Rf6 44. Re8 Nd7 45. Rg8+ Kh7 46. Rd8 1-0

[Event "St Petersburg Botvinnik 100 op"]
[Site "St Petersburg"]
[Date "2011.08.17"]
[Round "6"]
[White "Kuznetsov, Nikolay P"]
[Black "Kornyukov, Alexey"]
[Result "0-1"]
[WhiteElo "2299"]
[BlackElo "2485"]
[PlyCount "62"]
[EventDate "2011.08.12"]
[EventType "swiss"]
[EventRounds "9"]
[EventCountry "RUS"]
[SourceTitle "CBM 143 Extra"]
[Source "ChessBase"]
[SourceDate "2011.08.29"]
[SourceVersion "1"]
[SourceVersionDate "2011.08.29"]
[SourceQuality "1"]

1. d4 d5 2. c4 e6 3. Nf3 c6 4. e3 Nf6 5. Nc3 Nbd7 6. Qc2 Bd6 7. Be2 dxc4 8. Bxc4 a6 9. a4 0-0 10. 0-0 Qe7 11. Qb3 b5 12. Bd3 b4 13. Ne4 c5 14. Nxd6 Qxd6 15. Be2 a5 16. Rd1 Bb7 17. dxc5 Nxc5 18. Qa2 Qe7 19. Ne5 Rfd8 20. Bd2 Rd5 21. Nc4 Rad8 22. Be1 Rxd1 23. Rxd1 Rxd1 24. Bxd1 Qd7 25. Be2 Qd5 26. f3 Nd3 27. Qa1 Nxe1 28. Qxe1 Ba6 29. b3 Nd7 30. Kf2 Kf8 31. Qc1 Qc5 0-1

[Event "RUS-ch Seniors"]
[Site "Odintsovo"]
[Date "2011.04.27"]
[Round "9"]
[White "Kuznetsov, Nikolay P"]
[Black "Radomsky, Viacheslav G"]
[Result "0-1"]
[WhiteElo "2317"]
[BlackElo "2145"]
[PlyCount "130"]
[EventDate "2011.04.19"]
[EventType "swiss"]
[EventRounds "9"]
[EventCountry "RUS"]
[SourceTitle "CBM 142 Extra"]
[Source "ChessBase"]
[SourceDate "2011.06.27"]
[SourceVersion "1"]
[SourceVersionDate "2011.06.27"]
[SourceQuality "1"]

1. d4 d5 2. c4 c6 3. e3 Nf6 4. Nc3 a6 5. cxd5 cxd5 6. Bd3 Nc6 7. h3 e6 8. Nf3 Bd6 9. 0-0 0-0 10. e4 dxe4 11. Nxe4 Be7 12. Nc3 Nb4 13. Bb1 b5 14. Bg5 Bb7 15. Ne5 Rc8 16. Re1 Qd6 17. a3 Nbd5 18. Bd2 Rfd8 19. Ba2 Qb6 20. Nxd5 Nxd5 21. Nf3 Bf6 22. Bg5 Bxg5 23. Nxg5 h6 24. Ne4 Ne7 25. Nc5 Bd5 26. b4 Qc6 27. f3 Nf5 28. Bb1 Bc4 29. Bxf5 exf5 30. Qd2 a5 31. Rad1 axb4 32. axb4 Rd5 33. Qe3 Rcd8 34. Rd2 Qf6 35. Red1 Kf8 36. Qf4 g5 37. Qe3 Re8 38. Qf2 Kg7 39. g4 Qe7 40. gxf5 Qf6 41. Ne4 Qxf5 42. Nc3 Rd6 43. d5 Qe5 44. Qd4 Qxd4+ 45. Rxd4 f5 46. Kf2 Ra8 47. Ke3 Ra3 48. Rxc4 bxc4 49. Kd4 Rd8 50. Re1 Kf7 51. Re6 Rxd5+ 52. Kxd5 Rxc3 53. Rxh6 Rxf3 54. Kxc4 Kg7 55. Rd6 Rxh3 56. b5 g4 57. b6 g3 58. Rd7+ Kf6 59. Rd8 Rh7 60. Rg8 f4 61. Kd3 Kf5 62. Ke2 Rh2+ 63. Kf1 Rb2 64. Rb8 Ke4 65. b7 Kf3 0-1

[Event "Privolzhskogo FO-ch"]
[Site "Kazan"]
[Date "2009.01.29"]
[Round "9"]
[White "Kuznetsov, Nikolay P"]
[Black "Konovalov, Viatcheslav"]
[Result "1-0"]
[WhiteElo "2373"]
[BlackElo "2086"]
[PlyCount "43"]
[EventDate "2009.01.21"]
[EventType "swiss"]
[EventRounds "9"]
[EventCountry "RUS"]
[SourceTitle "EXT 2010"]
[Source "ChessBase"]
[SourceDate "2010.11.25"]
[SourceVersion "1"]
[SourceVersionDate "2010.11.25"]
[SourceQuality "1"]

1. d4 d5 2. Nf3 Nf6 3. c4 c6 4. Qc2 a6 5. c5 g6 6. Nc3 b6 7. cxb6 Qxb6 8. Qa4 Qc7 9. g3 Bf5 10. Qd1 Ne4 11. a3 Nd7 12. Bf4 e5 13. dxe5 Be6 14. Bg2 Bg7 15. 0-0 0-0 16. Re1 c5 17. Nd2 Nxd2 18. Qxd2 Rac8 19. Bxd5 Bxe5 20. Bxe5 Qxe5 21. Bxe6 fxe6 22. Qxd7 1-0

[Event "Privolzhskogo FO-ch"]
[Site "Kazan"]
[Date "2009.01.21"]
[Round "1"]
[White "Gorozhankina, Julia"]
[Black "Kuznetsov, Nikolay P"]
[Result "0-1"]
[WhiteElo "2080"]
[BlackElo "2373"]
[PlyCount "88"]
[EventDate "2009.01.21"]
[EventType "swiss"]
[EventRounds "9"]
[EventCountry "RUS"]
[SourceTitle "EXT 2010"]
[Source "ChessBase"]
[SourceDate "2010.11.25"]
[SourceVersion "1"]
[SourceVersionDate "2010.11.25"]
[SourceQuality "1"]

1. e4 c5 2. Nf3 e6 3. c3 d5 4. e5 Nc6 5. d4 cxd4 6. cxd4 Bd7 7. Be2 Nge7 8. Na3 Nf5 9. Nc2 h5 10. 0-0 Be7 11. Bd2 Rc8 12. Bd3 g6 13. Bc3 a6 14. Qd2 Kf8 15. b4 Na7 16. a4 Qe8 17. a5 Bb5 18. Rfc1 Bxd3 19. Qxd3 Qb5 20. Qd2 Qd7 21. Bb2 Rc4 22. Qd3 Rc7 23. Qb3 Kg7 24. Nce1 Rhc8 25. Nd3 Rxc1+ 26. Rxc1 Rxc1+ 27. Bxc1 Qb5 28. Bd2 Nc6 29. Qc3 Kf8 30. g3 Ke8 31. h3 Qc4 32. Kg2 Nfxd4 33. Qxc4 dxc4 34. Nxd4 Nxd4 35. Nb2 Nc2 36. Nxc4 Nxb4 37. f4 Kd7 38. Kf3 Kc6 39. Ke4 Kb5 40. Kd4 f5 41. exf6 Bxf6+ 42. Ne5 Nc6+ 43. Ke4 Nxe5 44. fxe5 Bd8 0-1